000
00263nam a22001217a 4500
008
181205b xxu||||| |||| 00| 0 eng d
041
_a
eng
080
_a
720
100
_a
41
101
_a
ARK
245
_a
Victorian Architecture
_c
Jordan,R.F
942
_2
udc
_c
BK
999
_c
52848
_d
52848